000 00726nam a2200277Ia 4500
003 OSt
005 20220918164025.0
006 a|||||r|||| 00| 0
007 ta
008 220917b |||||||| |||| 00| 0 eng d
020 _a0415014859
024 _a2,390
037 _cTextual
040 _aARTS
_cARTS
_beng
041 _2eng
_aeng
082 _aS2, N0
100 _aColeman John C.
_916704
245 0 _aNature of adolescence
250 _a2nd
260 _aLondon
_bRoutledge
_c1960
300 _a255p Bibliography
_ccm.
650 _aADOLESCENCE; PSYCHOLOGY
_916705
700 _a Hendary Leo.
_916706
942 _hS2, N0
_cTEXL
_2CC
999 _c122715
_d122715